Macroeconomía
Na minha lista:
| Autor principal: | |
|---|---|
| Formato: | Livro |
| Idioma: | espanhol |
| Publicado em: |
Buenos Aires
Addison-Wesley Iberoamericana
1995
|
| Assuntos: | |
| Tags: |
Adicionar Tag
Sem tags, seja o primeiro a adicionar uma tag!
|
MARC
| LEADER | 00000nam a2200000 a 4500 | ||
|---|---|---|---|
| 001 | UCQ0118 | ||
| 003 | CL-VaPUC | ||
| 008 | 980619e19950000AG |||||||||||||||||spa|d | ||
| 082 | 0 | 4 | |a 339 |b PAR |2 21 |
| 100 | |a Parkin, Michael |e autor |9 528536 | ||
| 245 | 1 | 0 | |a Macroeconomía |
| 300 | |a 119 p | ||
| 942 | |c BK | ||
| 945 | |d 19980619 00:00:00 |a mvenant | ||
| 260 | |a Buenos Aires |b Addison-Wesley Iberoamericana |c 1995 | ||
| 650 | 0 | |a Macroeconomía |9 260301 | |
| 650 | 0 | |a Mercados |9 338624 | |
| 650 | 0 | |a Política económica |9 255029 | |
| 650 | 0 | |a Economía internacional |9 258254 | |
| 583 | |a last modification |c 19980619 00:00:00 |k Rodrigo Vera | ||
| 999 | |c 271272 |d 271270 | ||
| 952 | |0 0 |1 0 |4 0 |6 339_000000000000000_PAR_1995 |7 0 |8 CCM |9 305878 |a BIBCUR |b BIBCUR |d 2019-11-20 |i 3432904 |l 2 |o 339 PAR 1995 |p 3432904 |r 2025-04-22 |s 2023-11-20 |w 2019-11-20 |y BK |k CIM | ||